000
00302nam a22001337a 4500
020
_a
817573896-0
082
_a
920
_b
DUA/S
100
_a
DUA,SHYAM
245
_a
THE LUMINOUS LIFE OF SADDAM HUSSEIN
260
_a
DELHI
_b
TINY TOT PUBLICATIONS
300
_a
96
650
_a
BIOGRAPHY
_z
DELHI
942
_c
BK
999
_c
5934
_d
5934